00383nam a2200145Ia 4500008004100000020002200041041000800063082001400071100002000085245005100105260003800156300000900194500001700203650001700220220803s9999 xx 000 0 und d a978-81-924733-5-2 aeng a711.4 VIN aVinod Kumar T M aGeographic Information System For Smart Cities aNew DelhibCopal Publishingc2014 a405p aArchitecture aUrban Design